|
|
|
|
| LEADER |
00000nam0a2200000 4500 |
| 001 |
232972 |
| 005 |
20231101231219.0 |
| 010 |
|
|
|a 9785991623742
|
| 035 |
|
|
|a (RuTPU)RU\TPU\book\254034
|
| 090 |
|
|
|a 232972
|
| 100 |
|
|
|a 20130225d2013 m y0rusy50 ca
|
| 101 |
0 |
|
|a rus
|
| 102 |
|
|
|a RU
|
| 105 |
|
|
|a a j 001zy
|
| 200 |
1 |
|
|a Безопасность жизнедеятельности
|e учебник для бакалавров
|f Государственный университет управления (ГУУ) ; под ред. Я. Д. Вишнякова
|
| 205 |
|
|
|a 4-е изд., перераб. и доп.
|
| 210 |
|
|
|a Москва
|c Юрайт
|d 2013
|
| 215 |
|
|
|a 544 с.
|c ил.
|
| 225 |
1 |
|
|a Бакалавр. Базовый курс
|
| 320 |
|
|
|a Библиогр.: с. 530-531.
|
| 320 |
|
|
|a Глоссарий: с. 532-543.
|
| 330 |
|
|
|a Безопасность жизнедеятельности является междисциплинарной областью научных знаний, охватывающей все сферы жизни и деятельности человека в современном мире, подверженном воздействию разнообразных и разномасштабных угроз. В предложенном учебнике рассматриваются общие положения теории и практики управления рисками во взаимодействии человека со средой обитания (производственной, бытовой, городской, социальной и др.) и защиты человека от различных опасностей (природных, техногенных, чрезвычайных и др.). Особое внимание уделяется анализу причин возникновения аварий и катастроф, роли человеческого фактора, формированию культуры риска и безопасности, основам управления БЖД. Содержание учебника соответствует Федеральному государственному образовательному стандарту высшего профессионального образования третьего поколения и методическим требованиям, предъявляемым к учебным изданиям. Для студентов вузов, обучающихся по направлениям: «Менеджмент* — 080200, «Экономика» — 080100, «Экология и природопользование» — 022000, а также для всех смежных гуманитарных, педагогических и юридических направлений подготовки бакалавров.
|
| 606 |
1 |
|
|a Безопасность жизнедеятельности
|2 stltpush
|3 (RuTPU)RU\TPU\subj\27856
|9 51540
|
| 610 |
1 |
|
|a нормативно-правовая база
|
| 610 |
1 |
|
|a нормативно-техническая база
|
| 610 |
1 |
|
|a риски
|
| 610 |
1 |
|
|a управление
|
| 610 |
1 |
|
|a человеческий фактор
|
| 610 |
1 |
|
|a терроризм
|
| 610 |
1 |
|
|a противодействие
|
| 610 |
1 |
|
|a технические системы
|
| 610 |
1 |
|
|a технологические системы
|
| 610 |
1 |
|
|a пожарная безопасность
|
| 610 |
1 |
|
|a производственный травматизм
|
| 610 |
1 |
|
|a профессиональные заболевания
|
| 610 |
1 |
|
|a охрана труда
|
| 610 |
1 |
|
|a здоровье
|
| 610 |
1 |
|
|a индивидуальная защита
|
| 610 |
1 |
|
|a медицинские средства
|
| 610 |
1 |
|
|a медицина катастроф
|
| 610 |
1 |
|
|a этическая безопасность
|
| 610 |
1 |
|
|a информационная безопасность
|
| 610 |
1 |
|
|a чрезвычайные ситуации
|
| 610 |
1 |
|
|a природные катастрофы
|
| 610 |
1 |
|
|a военные конфликты
|
| 610 |
1 |
|
|a ядерное оружие
|
| 610 |
1 |
|
|a оружие массового поражения
|
| 610 |
1 |
|
|a ущерб
|
| 610 |
1 |
|
|a ликвидация
|
| 610 |
1 |
|
|a учебники
|
| 675 |
|
|
|a 614.8(075.8)
|v 3
|
| 702 |
|
1 |
|a Вишняков
|b Я. Д.
|4 340
|
| 712 |
0 |
2 |
|a Государственный университет управления (ГУУ)
|c (Москва)
|c (1998- )
|2 stltpush
|3 (RuTPU)RU\TPU\col\23
|
| 801 |
|
1 |
|a RU
|b 63413507
|c 20130225
|
| 801 |
|
2 |
|a RU
|b 63413507
|c 20150527
|g RCR
|
| 900 |
|
|
|a Безопасность жизнедеятельности
|
| 900 |
|
|
|a Медицина катастроф
|
| 900 |
|
|
|a Защита населения и территорий в чрезвычайных ситуациях
|
| 942 |
|
|
|c BK
|
| 951 |
|
|
|b 080200
|l 8.1
|
| 959 |
|
|
|a 45/20130225
|d 5
|e 339,00
|f ЧЗТЛ:1
|f АНЛ:1
|f УФ:3
|